<?xml version="1.0" encoding="UTF-8"?>
<record
    xmlns:xsi="http://www.w3.org/2001/XMLSchema-instance"
    xsi:schemaLocation="http://www.loc.gov/MARC21/slim http://www.loc.gov/standards/marcxml/schema/MARC21slim.xsd"
    xmlns="http://www.loc.gov/MARC21/slim">

  <leader>01398nam a2200217Ia 4500</leader>
  <controlfield tag="003">Ost</controlfield>
  <controlfield tag="005">20260507075129.0</controlfield>
  <controlfield tag="008">260507s9999||||xx |||||||||||||| ||und||</controlfield>
  <datafield tag="020" ind1=" " ind2=" ">
    <subfield code="a">9062408977</subfield>
  </datafield>
  <datafield tag="040" ind1=" " ind2=" ">
    <subfield code="c">fsecg</subfield>
  </datafield>
  <datafield tag="041" ind1=" " ind2=" ">
    <subfield code="a">ara</subfield>
  </datafield>
  <datafield tag="082" ind1=" " ind2=" ">
    <subfield code="a">330</subfield>
  </datafield>
  <datafield tag="100" ind1=" " ind2=" ">
    <subfield code="a">&#x643;&#x648;&#x64A;&#x644;&#x60C; &#x628;&#x631;&#x627;&#x64A;&#x627;&#x646;</subfield>
    <subfield code="e">&#x645;&#x624;&#x644;&#x641;</subfield>
  </datafield>
  <datafield tag="245" ind1=" " ind2="0">
    <subfield code="a">&#x627;&#x644;&#x62D;&#x645;&#x627;&#x64A;&#x629; &#x645;&#x646; &#x645;&#x62E;&#x627;&#x637;&#x631; &#x627;&#x644;&#x639;&#x645;&#x644;&#x629; /</subfield>
    <subfield code="c"> &#x628;&#x631;&#x627;&#x64A;&#x627;&#x646; &#x643;&#x648;&#x64A;&#x644;</subfield>
  </datafield>
  <datafield tag="260" ind1=" " ind2=" ">
    <subfield code="a">&#x627;&#x644;&#x642;&#x627;&#x647;&#x631;&#x629;: </subfield>
    <subfield code="b">&#x62F;&#x627;&#x631; &#x627;&#x644;&#x641;&#x627;&#x631;&#x648;&#x642; &#x644;&#x644;&#x646;&#x634;&#x631; &#x648;&#x627;&#x644;&#x62A;&#x648;&#x632;&#x64A;&#x639;, </subfield>
    <subfield code="c">2006</subfield>
  </datafield>
  <datafield tag="300" ind1=" " ind2=" ">
    <subfield code="a">192  &#x635;&#x641;&#x62D;&#x629;&#x61B; </subfield>
    <subfield code="b">&#x625;&#x64A;&#x636;&#x627;&#x62D;&#x627;&#x62A; &#x61B;</subfield>
    <subfield code="c">24 &#x633;&#x645;</subfield>
  </datafield>
  <datafield tag="520" ind1=" " ind2=" ">
    <subfield code="a">&#x645;&#x62E;&#x627;&#x637;&#x631; &#x627;&#x644;&#x639;&#x645;&#x644;&#x629;- &#x642;&#x631;&#x627;&#x631; &#x627;&#x644;&#x62D;&#x645;&#x627;&#x64A;&#x629; &#x645;&#x646; &#x627;&#x644;&#x645;&#x62E;&#x627;&#x637;&#x631;- &#x627;&#x644;&#x62D;&#x645;&#x627;&#x64A;&#x629; &#x627;&#x644;&#x647;&#x64A;&#x643;&#x644;&#x64A;&#x629; &#x627;&#x644;&#x642;&#x627;&#x626;&#x645;&#x629; &#x639;&#x644;&#x649; &#x627;&#x644;&#x635;&#x641;&#x642;&#x627;&#x62A;- &#x627;&#x644;&#x62D;&#x645;&#x627;&#x64A;&#x629; &#x627;&#x644;&#x647;&#x64A;&#x643;&#x644;&#x64A;&#x629; &#x627;&#x644;&#x625;&#x633;&#x62A;&#x631;&#x627;&#x62A;&#x64A;&#x62C;&#x64A;&#x629;- &#x627;&#x644;&#x62A;&#x63A;&#x637;&#x64A;&#x629; &#x623;&#x648; &#x62A;&#x648;&#x641;&#x64A;&#x631; &#x627;&#x644;&#x62D;&#x645;&#x627;&#x64A;&#x629; &#x628;&#x627;&#x644;&#x639;&#x642;&#x648;&#x62F; &#x627;&#x644;&#x622;&#x62C;&#x644;&#x629;- &#x635;&#x641;&#x642;&#x627;&#x62A; &#x627;&#x644;&#x639;&#x645;&#x644;&#x629; &#x627;&#x644;&#x62E;&#x64A;&#x627;&#x631;&#x64A;&#x629;- &#x63A;&#x637;&#x627;&#x621; &#x639;&#x637;&#x627;&#x621; &#x627;&#x644;&#x645;&#x646;&#x627;&#x642;&#x635;&#x629;- &#x642;&#x631;&#x648;&#x636; &#x627;&#x644;&#x639;&#x645;&#x644;&#x629; &#x648;&#x648;&#x62F;&#x627;&#x626;&#x639;&#x647;&#x627;- &#x635;&#x641;&#x642;&#x627;&#x62A; &#x627;&#x644;&#x639;&#x645;&#x644;&#x629; &#x627;&#x644;&#x622;&#x62C;&#x644;&#x629;- &#x639;&#x645;&#x644;&#x64A;&#x627;&#x62A; &#x645;&#x628;&#x627;&#x62F;&#x644;&#x629; &#x627;&#x644;&#x639;&#x645;&#x644;&#x629;- &#x627;&#x644;&#x62A;&#x63A;&#x637;&#x64A;&#x629; &#x648;&#x627;&#x644;&#x645;&#x636;&#x627;&#x631;&#x628;&#x629;- &#x645;&#x642;&#x627;&#x631;&#x646;&#x629; &#x628;&#x64A;&#x646; &#x637;&#x631;&#x642; &#x627;&#x644;&#x62A;&#x63A;&#x637;&#x64A;&#x629; &#x623;&#x648; &#x627;&#x644;&#x62D;&#x645;&#x627;&#x64A;&#x629; &#x645;&#x646; &#x627;&#x644;&#x645;&#x62E;&#x627;&#x637;&#x631;- &#x62F;&#x644;&#x627;&#x644;&#x627;&#x62A; &#x627;&#x644;&#x645;&#x62D;&#x627;&#x633;&#x628;&#x629;- &#x623;&#x633;&#x648;&#x627;&#x642; &#x627;&#x644;&#x623;&#x648;&#x631;&#x627;&#x642; &#x627;&#x644;&#x645;&#x627;&#x644;&#x64A;&#x629; &#x627;&#x644;&#x623;&#x645;&#x631;&#x64A;&#x643;&#x64A;&#x629;- &#x623;&#x633;&#x648;&#x627;&#x642; &#x627;&#x644;&#x623;&#x648;&#x631;&#x627;&#x642; &#x627;&#x644;&#x645;&#x627;&#x644;&#x64A;&#x629; &#x627;&#x644;&#x62F;&#x648;&#x644;&#x64A;&#x629; &#x648;&#x623;&#x646;&#x638;&#x645;&#x629; &#x627;&#x644;&#x62A;&#x62F;&#x627;&#x648;&#x644;.</subfield>
  </datafield>
  <datafield tag="653" ind1=" " ind2=" ">
    <subfield code="a">&#x627;&#x644;&#x625;&#x642;&#x62A;&#x635;&#x627;&#x62F;</subfield>
  </datafield>
  <datafield tag="653" ind1=" " ind2=" ">
    <subfield code="a">&#x627;&#x644;&#x639;&#x645;&#x644;&#x629;</subfield>
  </datafield>
  <datafield tag="942" ind1=" " ind2=" ">
    <subfield code="c">&#x643;&#x62A;&#x627;&#x628;</subfield>
  </datafield>
  <datafield tag="999" ind1=" " ind2=" ">
    <subfield code="c">43195</subfield>
    <subfield code="d">43195</subfield>
  </datafield>
</record>
